| 000 | 00000nas##2200000za#4500 |
| 001 | 9.512117 |
| 003 | CaOODSP |
| 005 | 20200401103536 |
| 007 | ta |
| 008 | 150406c1986||||xxc|| p #||||f| |0fre|d |
| 022 | |a0838-8814 |
| 040 | |aCaOODSP|bfre |
| 041 | |aeng |
| 041 | |afre |
| 043 | |an-cn--- |
| 086 | 1 |aR71-38 |
| 110 | 1 |aCanada. |bAffaires autochtones et développement du Nord Canada. |
| 245 | 10|aRapport annuel ... de la Convention de la Baie James et du nord québécois et la convention du nord-est québécois |
| 246 | 3 |aConvention de la Baie James et du Nord québécois, la Convention du Nord-Est québécois, Cris-Inuit-Naskapis, rapport annuel |
| 260 | |aGatineau - Québec : |bAffaires autochtones et Développement du Nord Canada |
| 310 | |aAnnuel |
| 362 | 1 |a1986-- |
| 520 | 3 |aFont état des activités tenues pour les Cris, les Inuits les Naskapis en vertu de la Convention de la Baie James et du Nord québécois et de la Convention du Nord-est québécois, en indiquant les dépenses y afférentes. Par ailleurs, les activités et dépenses effectuées au titre des autres programmes fédéraux font également l’objet des présents rapports annuels. |
| 776 | 0#|tRapport annuel |w(CaOODSP)9.502510 |
| 776 | 0#|tJames Bay and Northern Quebec Agreement, Northeastern Quebec Agreement, Cree-Inuit-Naskapis annual reports |w(CaOODSP)9.846540 |
| 791 | |tAnnual report of the James Bay and Northern Quebec Agreement and the Northeastern Quebec Agreement |eeng|w(CaOODSP)9.512116 |